000
00216nam a22000977a 4500
999
_c
13962
_d
13962
100
_a
افتخار قطب
245
_a
مجروح افکار
260
_a
کراچی
_b
ماس پرنٹرز
300
_a
229
942
_c
BK